Statistics for Premier League Teams By Logo & Name

Click here to take the quiz!

General Stats

  • This quiz has been taken 118 times
    (81 since last reset)
  • The average score is 8 of 16

Answer Stats

Answer% Correct
Arsenal
86%
Wolves
84%
Brighton
83%
Manchester City
63%
Chelsea
59%
Leicester City
56%
Crystal Palace
50%
Tottenham
49%
Watford
44%
West Ham
40%
Everton
39%
Aston Villa
30%
Newcastle
30%
Southampton
30%
Sheffield
24%
West Brom
13%

Score Distribution

Percentile by Number Answered

Percent of People with Each Score

Your Score History

You have not taken this quiz since the last reset